How Greek science passed to the Arabs / (Record no. 22637)

MARC details
000 -LEADER
fixed length control field 00822cam a22002651 4500
001 - CONTROL NUMBER
control field 6951960
003 - CONTROL NUMBER IDENTIFIER
control field BDDh-ASL
005 - DATE AND TIME OF LATEST TRANSACTION
control field 20231015030141.0
008 - FIXED-LENGTH DATA ELEMENTS--GENERAL INFORMATION
fixed length control field 750904s19571949enk b 000 0 eng
010 ## - LIBRARY OF CONGRESS CONTROL NUMBER
LC control number 49006444
035 ## - SYSTEM CONTROL NUMBER
System control number (OCoLC)1599018
040 ## - CATALOGING SOURCE
Original cataloging agency DLC
Transcribing agency F
Modifying agency DLC
-- BDDh-ASL
050 00 - LIBRARY OF CONGRESS CALL NUMBER
Classification number DS38
Item number .O38
082 00 - DEWEY DECIMAL CLASSIFICATION NUMBER
Classification number 909.0974
Edition number 21
Item number OLH
100 1# - MAIN ENTRY--PERSONAL NAME
Personal name O'Leary, De Lacy,
Dates associated with a name 1872-1957.
245 10 - TITLE STATEMENT
Title How Greek science passed to the Arabs /
260 ## - PUBLICATION, DISTRIBUTION, ETC.
Place of publication, distribution, etc. London:
Name of publisher, distributor, etc. Routledge and K. Paul,
Date of publication, distribution, etc. [1949]
-- 1957.
300 ## - PHYSICAL DESCRIPTION
Extent vi, 196 p. :
Dimensions 23 cm.
504 ## - BIBLIOGRAPHY, ETC. NOTE
Bibliography, etc. note Bibliography: p. [189]-192.
650 #0 - SUBJECT ADDED ENTRY--TOPICAL TERM
Topical term or geographic name entry element Civilization, Arab
General subdivision Greek influences.
650 #0 - SUBJECT ADDED ENTRY--TOPICAL TERM
Topical term or geographic name entry element Hellenism.
650 #0 - SUBJECT ADDED ENTRY--TOPICAL TERM
Topical term or geographic name entry element Church history
Chronological subdivision Primitive and early church, ca. 30-600.
906 ## - LOCAL DATA ELEMENT F, LDF (RLIN)
a 7
b cbc
c oclcrpl
d u
e ncip
f 19
g y-gencatlg
942 ## - ADDED ENTRY ELEMENTS (KOHA)
Source of classification or shelving scheme Dewey Decimal Classification
Koha item type Books
Holdings
Withdrawn status Lost status Source of classification or shelving scheme Damaged status Not for loan Collection code Home library Current library Shelving location Date acquired Source of acquisition Total Checkouts Full call number Barcode Date last seen Copy number Price effective from Koha item type Public note
    Dewey Decimal Classification     Non-fiction Asiatic Society Library Asiatic Society Library General Stacks 03/02/2021 ASB Library Collections   909.0974 OLH 106924 03/02/2021 C-1 03/02/2021 Books RARE

Powered by Koha